| 000 | 00951nam0a22002531 4500 | ||
|---|---|---|---|
| 001 | rc\2362241 | ||
| 005 | 20260407221219.0 | ||
| 035 | _a(NLR Aleph) 006685423 | ||
| 090 |
_a5111133 _c5111133 |
||
| 100 | _a20110829d1977 |||y0rusy50 ca | ||
| 101 | 0 | _arus | |
| 102 | _aRU | ||
| 105 | _ay z ||||| | ||
| 200 | 1 |
_aО работе с творческой молодежью _eВ помощь ком. комсомола _e[Сборник] _fЦК ЛКСМ Молдавии |
|
| 210 |
_aКишинев _cКабинет комс. работы _d1977 |
||
| 215 |
_a35 с. _d20 |
||
| 606 |
_aКомсомольские организации и их работа среди работников искусств _yМССР _2rkp |
||
| 712 | 0 | 2 |
_aЛКСМ Молдавии _bЦК _3RU\NLR\AUTH\8810148005 _9790495 |
| 801 | 0 |
_aRU _bNLR _gpsbo |
|
| 801 | 1 |
_aRU _bELAR _2rusmarc |
|
| 852 |
_aNLR _j77-4/16067 |
||
| 899 |
_aRuMoRGB _jM 77-12/3590 |
||
| 942 | _cBOOK | ||
| 980 | _aNB | ||